Obiekty UNESCO w Polsce (quiz na mapie) - Statystyki

Ogólne statystyki
  • Ten quiz został rozwiązany 28 777 razy
  • Średni wynik to 9 z 17
Odpowiedzi na mapie
Odpowiedzi zakodowano w zielono-czerwonej skali na mapie do tego quizu, zgodnie z poniższymi procentami.
 
Statystyki odpowiedzi
Odpowiedź % Poprawnych
Stare Miasto
w Warszawie
74%
Hala Stulecia we Wrocławiu
74%
Zamek krzyżacki
w Malborku
72%
Średniowieczny zespół miejski Torunia
70%
Auschwitz-Birkenau
65%
Puszcza Białowieska
65%
Stare Miasto
w Krakowie
61%
Stare Miasto
w Zamościu
59%
Królewskie Kopalnie Soli w Wieliczce
i Bochni
54%
Park Mużakowski
50%
Drewniane kościoły południowej Małopolski
46%
Zabytkowa Kopalnia Srebra i podziemia w Tarnowskich Górach
46%
Kościoły Pokoju w Jaworze i Świdnicy
45%
Drewniane cerkwie w polskim i ukraińskim regionie Karpat
44%
Krzemionki Opatowskie
41%
Pradawne i pierwotne lasy bukowe Karpat i innych regionów Europy
38%
Kalwaria Zebrzydowska
37%
Nie znaleziono quizów pasujących do podanych kryteriów
Rozkład punktacji
Procent ludzi z każdym wynikiem
Percentyl według liczby udzielonych odpowiedzi
Twoja historia wyników
Nie rozwiązałeś tego quizu